01080 2200253 4500001002100000005001500021007000300036008004100039020002200080035002000102082001100122084001700133100002800150245010900178250000600287260004200293300002800335500006300363520030400426650001800730700003000748700003100778990001700809INLIS00000000000160920260430110940ta260430 c 0 ind  a978-623-216-899-2 a0010-1123000240 a612.85 a612.85 RUT s0 aRuth Owen ( Pengarang )1 aSaat Aku Mendengar :bAll about my body /cRuth Owen ; editor, Mark J. Sachner ; alih bahasa, Andi Wahyu a- aJakarta :bBhuana Ilmu populer,c2020 a22 :bilus. ;c24 cme- aJudul asli : my body and out - my amazing sense of hearing aSetiap hari, kita mendengar banyak suara berbeda. Apa yang terjadi saat kita mendengar? Bagaimana caranya kita bisa mendengar? Pertanyaan-pertanyaan ini akan dijawab secara singkat dan jelas di dalam buku All About My Body: Saat Aku Bergerak. Yuk, cari tahu fakta-fakta menarik lain tentang tubuhmu! 4aTubuh Manusia0 aAndi Wahyu ( Penerjemah )0 aMark J. Sachner ( Editor ) a00169/K/2022